|
|
|
|
| LEADER |
00000nab a2200000 a 4500 |
| 001 |
vtls008415978 |
| 003 |
SK-MaSNL |
| 005 |
20260304140117.0 |
| 008 |
250505c2005 xo 0 slo |
| 015 |
|
|
|a SNBCL2005/5
|
| 035 |
|
|
|a urn:nbn:sk:snk-ab34du
|
| 035 |
|
|
|a (urnnbn)urn:nbn:sk:snk:ar-a05uwa
|
| 035 |
|
|
|a (uuid)fb72f2bc-1c19-4f50-82d8-314215740bb4
|
| 040 |
|
|
|a SNKBUCL
|b slo
|c SNKBUCL
|e AACR2
|
| 041 |
0 |
|
|a slo
|
| 044 |
|
|
|a xo
|c SK
|
| 080 |
|
|
|a 61-051:618.1/.4:929 Skalický Emil
|2 1981
|
| 100 |
1 |
|
|a Valent, Michal,
|d 1929-2020
|4 aut
|9 224017
|
| 245 |
1 |
0 |
|a MUDr. Emil Skalický (1929-2004)
|c Michal Valent
|
| 600 |
1 |
7 |
|a Skalický, Emil,
|d 1929-2004
|2 snkbucl
|9 233844
|
| 655 |
|
7 |
|a nekrológy
|2 snkbucl
|9 402542
|
| 773 |
0 |
|
|t Praktická gynekológia
|g Vol. 12, č. 2 (2005), s. 77
|x 1335-4221
|
| 850 |
|
|
|a Slovenská národná knižnica
|
| 852 |
|
|
|a Slovenská národná knižnica
|
| 954 |
|
|
|a odborná, vedecká literatúra pôvodná (slovenská)
|2 lita
|
| 958 |
|
|
|a article27
|
| 958 |
|
|
|a OND
|
| 958 |
|
|
|a EUIPO
|
| 999 |
|
|
|c 2913693
|d 2915623
|